Score 0/12 Timer 02:00
3 Plays Today
% Correct
Juliet Capulet & Romeo Montague
93.9%
Hermione Granger & Ron Weasley
93.2%
Jane Eyre & Edward Rochester
93%
Elizabeth Bennet & Fitzwilliam Darcy
92.1%
Scarlett O'Hara & Rhett Butler
91.1%
Katniss Everdeen & Peeta Mellark
90.7%
Bella Swan & Edward Cullen
89.1%
Arwen & Aragorn
88.5%
Anne Shirley & Gilbert Blythe
79.5%
Hazel Lancaster & Augustus Waters
77.1%
Buttercup & Westley
75.1%
Allie Hamilton & Noah Calhoun
67.3%

Today's Daily Dose

Missing Word
The Unexplained

Quick Pick
Sunday Things

Get the Picture
Beat It or Eat It?

You're not logged in!

Compare scores with friends on all Sporcle quizzes.
OR
Log In

Sporcle TV

Today on Sporcle TV


Watch our educational content, quiz creation guides, and fun videos on Sporcle TV.

Show Comments

Extras

Top Quizzes Today


Score Distribution

Paid Content

Your Account Isn't Verified!

In order to create a playlist on Sporcle, you need to verify the email address you used during registration. Go to your Sporcle Settings to finish the process.

Report this User

Report this user for behavior that violates our Community Guidelines.

Details: